000 00268nam a22001217a 4500
008 180427b xxu||||| |||| 00| 0 eng d
041 _aeng
080 _a043.3
100 _a0
101 _aSHKI-BTH
245 _aArtificial Intellegence
_cBajrami,D
942 _2udc
_cBK
999 _c45650
_d45650